| 000 | 00574nam 22002053 4500 | ||
|---|---|---|---|
| 001 | 202046 | ||
| 090 | _a202046 | ||
| 100 | _a20260505d u||y0pory50 ba | ||
| 200 |
_aConnaissons-nous la Chine ? _fEtiemble |
||
| 210 |
_a[Paris] _cGallimard _dcop.1964 |
||
| 215 |
_a183, [2] p. _cbrochado _d17 cm |
||
| 225 |
_aIdéed _enrf _v53 |
||
| 606 |
_93857 _aHistória |
||
| 610 | _aChina--Civilização--Cultura--Progresso | ||
| 675 |
_a94(510) _vPT _zpor |
||
| 675 |
_a008 _vPT _zpor |
||
| 700 |
_917242 _aEtiemble |
||
| 801 |
_aPT _bBMMN _gRPC |
||
| 830 |
_cAna Falardo _fAna Falardo |
||
| 990 | _cLIVROS | ||